[Event "Belgrade-chT Quality"]
[Site "Belgrade"]
[Date "2008.11.03"]
[Round "3"]
[White "Gavela, Dragan"]
[Black "Stankovic, Milos"]
[Result "0-1"]
[WhiteElo "2234"]
[BlackElo "2248"]
[PlyCount "52"]
[EventDate "2008.11.01"]
[EventType "team-swiss"]
[EventRounds "11"]
[EventCountry "YUG"]
[SourceTitle "CBM 127 Extra"]
[Source "ChessBase"]
[SourceDate "2009.01.08"]
[SourceVersion "2"]
[SourceVersionDate "2009.01.28"]
[SourceQuality "1"]

1. e4 c5 2. Nc3 d6 3. f4 Nc6 4. Nf3 g6 5. Bc4 Bg7 6. 0-0 e6 7. d3 Nge7 8. Qe1 0-0 9. Qh4 d5 10. Bb5 a6 11. Bxc6 Nxc6 12. Qxd8 Rxd8 13. e5 b5 14. a4 b4 15. Ne2 Bb7 16. Be3 d4 17. Bf2 b3 18. c3 dxc3 19. Nxc3 Nb4 20. Nd2 Nxd3 21. Bh4 Rd4 22. Ra3 Nxf4 23. Rxb3 Bxg2 24. Rxf4 Rxf4 25. Bg3 Rd4 26. Kxg2 Rxd2+ 0-1

[Event "Belgrade-chT"]
[Site "Belgrade"]
[Date "2005.10.03"]
[Round "3"]
[White "Gavela, Dragan"]
[Black "Biocanin, Goran"]
[Result "0-1"]
[WhiteElo "2255"]
[BlackElo "2269"]
[PlyCount "62"]
[EventDate "2005.10.01"]
[EventType "team-tourn"]
[EventRounds "9"]
[EventCountry "YUG"]
[SourceTitle "CBM 108 Extra"]
[Source "ChessBase"]
[SourceDate "2005.11.04"]
[SourceVersion "1"]
[SourceVersionDate "2005.11.04"]
[SourceQuality "1"]

1. e4 c5 2. d3 Nc6 3. g3 d5 4. Nd2 Nf6 5. Bg2 dxe4 6. dxe4 e5 7. Ngf3 Be6 8. 0-0 h6 9. c3 Qd7 10. Qe2 Rd8 11. Nc4 Qc7 12. Nh4 Bd6 13. Ne3 Ne7 14. f4 exf4 15. gxf4 Bxf4 16. Kh1 Bxh2 17. Bd2 Bf4 18. Nef5 Rxd2 19. Nxg7+ Kf8 20. Nxe6+ fxe6 21. Qf3 e5 22. Rad1 Qd7 23. Nf5 Nxf5 24. exf5 e4 25. Rxd2 exf3 26. Rxd7 fxg2+ 27. Kxg2 Nxd7 28. Rxf4 Kf7 29. b4 Kf6 30. b5 Re8 31. Kf3 Ne5+ 0-1

[Event "Herceg Novi Mimoza op"]
[Site "Herceg Novi"]
[Date "2002.02.07"]
[Round "6"]
[White "Kalezic, Blazo"]
[Black "Gavela, Dragan"]
[Result "1-0"]
[WhiteElo "2458"]
[BlackElo "2290"]
[PlyCount "93"]
[EventDate "2002.02.04"]
[EventType "swiss"]
[EventRounds "9"]
[EventCountry "YUG"]
[SourceTitle "CBM 086 Extra"]
[Source "ChessBase"]
[SourceDate "2002.03.14"]
[SourceVersion "1"]
[SourceVersionDate "2002.03.14"]
[SourceQuality "1"]

1. e4 c5 2. c3 d5 3. exd5 Qxd5 4. d4 cxd4 5. cxd4 Nc6 6. Nf3 e5 7. Nc3 Bb4 8. Be2 Nxd4 9. Bd2 Qd6 10. a3 Ba5 11. Nb5 Nxf3+ 12. Bxf3 Qxd2+ 13. Qxd2 Bxd2+ 14. Kxd2 Ke7 15. Rhe1 Be6 16. Rxe5 Kf6 17. Rc5 Ne7 18. g4 Rhd8+ 19. Ke3 Bd5 20. Bxd5 Rxd5 21. Rxd5 Nxd5+ 22. Ke4 Nb6 23. Rc1 Rc8 24. Rxc8 Nxc8 25. f4 g6 26. Kd5 h5 27. h3 hxg4 28. hxg4 Ke7 29. b3 Nb6+ 30. Kd4 a6 31. Nc3 Nd7 32. Ne4 Ke6 33. a4 b6 34. b4 Nb8 35. Ng5+ Ke7 36. Kd5 Nd7 37. Kc6 f6 38. Ne4 Ke6 39. Nc3 g5 40. f5+ Ke7 41. Nd5+ Kd8 42. Kd6 a5 43. b5 Ke8 44. Kc7 Ne5 45. Nxb6 Nxg4 46. Nd5 Ne5 47. b6 1-0

[Event "Bucharest Spring"]
[Site "Bucharest"]
[Date "2001.04.16"]
[Round "11"]
[White "Slovineanu, Viacheslav"]
[Black "Gavela, Dragan"]
[Result "1/2-1/2"]
[WhiteElo "2412"]
[BlackElo "2294"]
[PlyCount "33"]
[EventDate "2001.04.06"]
[EventType "tourn"]
[EventRounds "11"]
[EventCountry "ROU"]
[EventCategory "8"]
[SourceTitle "CBM 082 Extra"]
[Source "ChessBase"]
[SourceDate "2001.07.03"]
[SourceVersion "1"]
[SourceVersionDate "2001.07.03"]
[SourceQuality "1"]

1. e4 c5 2. d3 Nc6 3. Nc3 g6 4. g3 Bg7 5. Bg2 d6 6. Nh3 Nf6 7. 0-0 Rb8 8. Nd5 0-0 9. Nxf6+ exf6 10. Be3 Ne5 11. Nf4 f5 12. c3 b6 13. h3 Re8 14. Qc2 Qd7 15. Rad1 Bb7 16. Rfe1 Nc6 17. Nd5 1/2-1/2

[Event "Bucharest Spring"]
[Site "Bucharest"]
[Date "2001.04.07"]
[Round "2"]
[White "Vasiesiu, Dan"]
[Black "Gavela, Dragan"]
[Result "1-0"]
[WhiteElo "2439"]
[BlackElo "2294"]
[PlyCount "175"]
[EventDate "2001.04.06"]
[EventType "tourn"]
[EventRounds "11"]
[EventCountry "ROU"]
[EventCategory "8"]
[SourceTitle "CBM 082 Extra"]
[Source "ChessBase"]
[SourceDate "2001.07.03"]
[SourceVersion "1"]
[SourceVersionDate "2001.07.03"]
[SourceQuality "1"]

1. e4 c5 2. Nf3 Nc6 3. Bb5 Nf6 4. Nc3 g6 5. e5 Ng4 6. Bxc6 dxc6 7. Qe2 Bg7 8. h3 Nh6 9. Ne4 b6 10. d3 0-0 11. Bf4 f6 12. 0-0-0 Nf5 13. exf6 exf6 14. Rhe1 Nd4 15. Nxd4 Qxd4 16. Qd2 Be6 17. Nd6 Bf7 18. Re4 Qd5 19. c4 Qh5 20. Rde1 Rad8 21. Re7 g5 22. Bg3 Bg6 23. Qe3 a6 24. Qe6+ Kh8 25. Kc2 b5 26. b3 a5 27. Nf5 Bxf5 28. Qxf5 a4 29. Bc7 axb3+ 30. axb3 Ra8 31. Kb2 bxc4 32. dxc4 Rfe8 33. g4 Rxe7 34. Rxe7 Qxh3 35. Qd7 Bf8 36. Qxc6 Bxe7 37. Qxa8+ Kg7 38. Qe8 Bf8 39. Qd7+ Kg8 40. Qe6+ Kg7 41. Qd7+ Kg8 42. Qf5 Be7 43. Qe6+ Kf8 44. Bd6 Bxd6 45. Qxf6+ Ke8 46. Qxd6 Qxg4 47. Qe5+ Kf7 48. Qxc5 h5 49. Qd5+ Ke7 50. c5 Qf4 51. Kc3 h4 52. b4 h3 53. Qb7+ Kd8 54. c6 Qc7 55. Qb5 Ke8 56. Qe2+ Kd8 57. Qd3+ Ke8 58. Qe4+ Kd8 59. Qd4+ Ke7 60. Qe3+ Kd6 61. Qxh3 Qxc6+ 62. Kd2 Qa4 63. Qh6+ Kd7 64. Qg7+ Ke6 65. Qg6+ Kd7 66. Qf7+ Kd6 67. Qf6+ Kd7 68. Qf5+ Ke8 69. Qc5 Qa2+ 70. Kd3 Qb1+ 71. Kd4 Qb2+ 72. Ke4 Qb1+ 73. Ke5 Kf7 74. b5 Qb2+ 75. Kd5 Kg6 76. b6 Kh5 77. Qd4 Qa2+ 78. Kd6 Qb3 79. Qe3 Qb5 80. Qh3+ Kg6 81. Qe6+ Kh5 82. Kc7 Qc5+ 83. Kd8 Qd4+ 84. Ke8 Qa4+ 85. Kf8 Qf4+ 86. Kg7 Qd4+ 87. Qf6 Qe4 88. f3 1-0

[Event "Bucharest-C"]
[Site "Bucharest"]
[Date "2000.??.??"]
[Round "3"]
[White "Carmaciu, Lucian Catalin"]
[Black "Gavela, Dragan"]
[Result "1-0"]
[WhiteElo "2284"]
[BlackElo "2282"]
[PlyCount "85"]
[EventDate "2000.03.??"]
[EventType "tourn"]
[EventRounds "11"]
[EventCountry "ROU"]
[EventCategory "2"]
[SourceTitle "EXT 2001"]
[Source "ChessBase"]
[SourceDate "2000.11.22"]
[SourceVersion "1"]
[SourceVersionDate "2000.11.22"]
[SourceQuality "1"]

1. e4 c5 2. Nf3 Nc6 3. d4 cxd4 4. Nxd4 g6 5. Nc3 Bg7 6. Be3 Nf6 7. Bc4 0-0 8. Bb3 a5 9. f3 d5 10. Bxd5 Nxd5 11. exd5 Nb4 12. Nde2 Bf5 13. Rc1 b5 14. a3 Nxc2+ 15. Rxc2 Bxc2 16. Qxc2 b4 17. Na4 Qxd5 18. Nb6 Qe6 19. Kf2 Rab8 20. Qc5 Rfd8 21. Re1 Rd6 22. Nf4 Qa2 23. Nc8 Rd7 24. Re2 e5 25. Nd5 Kh8 26. Ncb6 Rdd8 27. Qxa5 e4 28. Qc5 exf3 29. gxf3 bxa3 30. Bd4 f6 31. Qc7 Rbc8 32. Nxc8 Qxd5 33. Bc3 a2 34. b3 h5 35. Rxa2 Rd7 36. Nb6 Rxc7 37. Nxd5 Rc5 38. Ra5 Rc6 39. Ke2 g5 40. b4 Rd6 41. Kd3 Kh7 42. Ke4 Kg6 43. b5 1-0

[Event "Bucharest-C"]
[Site "Bucharest"]
[Date "2000.??.??"]
[Round "4"]
[White "Gavela, Dragan"]
[Black "Dragasevic, Srdjan"]
[Result "0-1"]
[WhiteElo "2282"]
[BlackElo "2285"]
[PlyCount "82"]
[EventDate "2000.03.??"]
[EventType "tourn"]
[EventRounds "11"]
[EventCountry "ROU"]
[EventCategory "2"]
[SourceTitle "EXT 2001"]
[Source "ChessBase"]
[SourceDate "2000.11.22"]
[SourceVersion "1"]
[SourceVersionDate "2000.11.22"]
[SourceQuality "1"]

1. e4 c5 2. Nf3 Nc6 3. Bb5 g6 4. 0-0 Bg7 5. Re1 e5 6. Nc3 Nge7 7. d3 0-0 8. Bc4 d6 9. Bg5 h6 10. Bh4 Be6 11. Nd2 Qd7 12. Bxe6 Qxe6 13. Bxe7 Nxe7 14. Nb5 Qd7 15. c4 h5 16. Nc3 Bh6 17. Nf3 a6 18. a4 Kh7 19. Rb1 a5 20. Qb3 f5 21. Qb5 Nc6 22. Nd5 Qg7 23. Qb6 Rf7 24. Ra1 Raf8 25. Ra3 g5 26. Ne3 g4 27. Nh4 fxe4 28. dxe4 Bxe3 29. Raxe3 Rxf2 30. Nf5 R2xf5 31. exf5 Rxf5 32. Ra1 Qf7 33. Rae1 Rf4 34. Rd1 Rxc4 35. Rf1 Rf4 36. Rxf4 exf4 37. Qb3 Qxb3 38. Rxb3 Nb4 39. Kf2 Kg6 40. Ke2 d5 41. Rc3 b6 0-1

[Event "Bucharest-C"]
[Site "Bucharest"]
[Date "2000.??.??"]
[Round "6"]
[White "Gavela, Dragan"]
[Black "Jianu, Vlad Cristian"]
[Result "1-0"]
[WhiteElo "2282"]
[BlackElo "2265"]
[PlyCount "39"]
[EventDate "2000.03.??"]
[EventType "tourn"]
[EventRounds "11"]
[EventCountry "ROU"]
[EventCategory "2"]
[SourceTitle "EXT 2001"]
[Source "ChessBase"]
[SourceDate "2000.11.22"]
[SourceVersion "1"]
[SourceVersionDate "2000.11.22"]
[SourceQuality "1"]

1. e4 c5 2. f4 Nc6 3. Nf3 g6 4. Bb5 Bg7 5. 0-0 e6 6. Bxc6 dxc6 7. d3 Ne7 8. Nc3 0-0 9. Qe1 b6 10. Qh4 c4 11. dxc4 Ba6 12. f5 exf5 13. Rd1 Qe8 14. e5 f6 15. exf6 Rxf6 16. Bg5 Rf7 17. Re1 Bf8 18. Ne5 Rg7 19. Rad1 Bb7 20. Nd7 1-0

[Event "Bucharest-C"]
[Site "Bucharest"]
[Date "2000.??.??"]
[Round "7"]
[White "Grigore, Nicolae Petre"]
[Black "Gavela, Dragan"]
[Result "0-1"]
[WhiteElo "2397"]
[BlackElo "2282"]
[PlyCount "60"]
[EventDate "2000.03.??"]
[EventType "tourn"]
[EventRounds "11"]
[EventCountry "ROU"]
[EventCategory "2"]
[SourceTitle "EXT 2001"]
[Source "ChessBase"]
[SourceDate "2000.11.22"]
[SourceVersion "1"]
[SourceVersionDate "2000.11.22"]
[SourceQuality "1"]

1. e4 c5 2. Nf3 Nc6 3. Nc3 g6 4. g3 Bg7 5. Bg2 d6 6. 0-0 Nf6 7. d3 0-0 8. h3 Rb8 9. a4 a6 10. Be3 b5 11. axb5 axb5 12. Qd2 b4 13. Nd5 Nxd5 14. exd5 Ne5 15. Nxe5 Bxe5 16. Rab1 Qc7 17. Rfe1 c4 18. dxc4 Qxc4 19. Bh6 Re8 20. Re4 Qa2 21. Rbe1 Qxb2 22. Rxe5 dxe5 23. d6 exd6 24. Qxd6 Be6 25. Bg5 Qd4 26. Qa6 Bd5 27. Bxd5 Qxd5 28. Qe2 Rbc8 29. Rd1 Qc4 30. Qe1 Qxc2 0-1

[Event "Bucharest Cup IM"]
[Site "Bucharest"]
[Date "1998.??.??"]
[Round "?"]
[White "Gavela, Dragan"]
[Black "Leskur, Dejan"]
[Result "0-1"]
[WhiteElo "2300"]
[BlackElo "2380"]
[PlyCount "74"]
[EventDate "1998.12.??"]
[EventType "tourn"]
[EventRounds "14"]
[EventCountry "ROU"]
[EventCategory "3"]
[SourceTitle "EXT 2000"]
[Source "ChessBase"]
[SourceDate "1999.11.16"]
[SourceVersion "1"]
[SourceVersionDate "1999.11.16"]
[SourceQuality "1"]

1. e4 c5 2. Nc3 Nc6 3. f4 g6 4. Nf3 Bg7 5. Bc4 e6 6. f5 Nge7 7. fxe6 dxe6 8. 0-0 0-0 9. d3 Nd4 10. Bg5 h6 11. Bh4 Qd7 12. Nxd4 cxd4 13. Ne2 Nc6 14. Qd2 Qd6 15. Bb3 a5 16. a4 e5 17. Ng3 Be6 18. Bxe6 fxe6 19. Rxf8+ Rxf8 20. Nf1 Nb4 21. Rd1 Rc8 22. Rc1 Qc6 23. c3 Na2 24. Rc2 Qxa4 25. b3 Qxb3 26. Rxa2 dxc3 27. Qc2 Qxc2 28. Rxc2 b5 29. Be1 b4 30. Ne3 Rd8 31. Nc4 a4 32. Bxc3 bxc3 33. Nb6 a3 34. Na4 Rxd3 35. Nxc3 Bf8 36. Kf2 Rxc3 37. Rxc3 a2 0-1

[Event "Bucharest Cup IM"]
[Site "Bucharest"]
[Date "1998.??.??"]
[Round "?"]
[White "Popescu, Daniel Dorin"]
[Black "Gavela, Dragan"]
[Result "1/2-1/2"]
[WhiteElo "2365"]
[BlackElo "2300"]
[PlyCount "151"]
[EventDate "1998.12.??"]
[EventType "tourn"]
[EventRounds "14"]
[EventCountry "ROU"]
[EventCategory "3"]
[SourceTitle "EXT 2000"]
[Source "ChessBase"]
[SourceDate "1999.11.16"]
[SourceVersion "1"]
[SourceVersionDate "1999.11.16"]
[SourceQuality "1"]

1. e4 c5 2. Nc3 Nc6 3. g3 g6 4. Bg2 Bg7 5. d3 d6 6. Nge2 e6 7. 0-0 Nge7 8. Bg5 0-0 9. Qd2 Nd4 10. Rae1 e5 11. Nxd4 cxd4 12. Bxe7 dxc3 13. Qg5 h6 14. Bxd8 hxg5 15. Bxg5 f6 16. Bc1 cxb2 17. Bxb2 Be6 18. c4 b5 19. cxb5 Rfb8 20. a4 a6 21. Ra1 axb5 22. axb5 Rxa1 23. Bxa1 Rxb5 24. d4 Bc4 25. Re1 Bd3 26. Bf1 Rb3 27. Bxd3 Rxd3 28. Kf1 Bh6 29. dxe5 dxe5 30. Bb2 Rb3 31. Re2 Rb4 32. Ba3 Ra4 33. Bc5 Rc4 34. Bd6 Kf7 35. Kg2 Bc1 36. h4 Ke6 37. Bb8 Ba3 38. Ra2 Rc3 39. Ba7 Bc1 40. Ra6+ Kf7 41. Bb6 Ra3 42. Rxa3 Bxa3 43. Kh3 Bb4 44. Kg4 Bd6 45. Be3 Ke6 46. Ba7 Kf7 47. Bb6 Ke6 48. Bd8 Bb4 49. Bb6 Bd6 50. Kf3 Bb4 51. g4 Be7 52. Be3 Bf8 53. Kg2 Be7 54. Kh3 Bf8 55. f3 Be7 56. Bb6 g5 57. h5 Bf8 58. Kg2 Bg7 59. Kf2 Bf8 60. Ke2 Bg7 61. Kd3 Bf8 62. Kc4 Bg7 63. Kc5 Bf8+ 64. Kc6 Bg7 65. Bc5 Bh6 66. Kc7 Kf7 67. Kd7 Bg7 68. Be7 Bh6 69. Bd6 Bg7 70. Bb4 Bh6 71. Bc3 Bg7 72. Kd6 Bf8+ 73. Kd7 Bg7 74. h6 Bxh6 75. Kd6 Bf8+ 76. Kd7 1/2-1/2

[Event "Bucharest Cup IM"]
[Site "Bucharest"]
[Date "1998.??.??"]
[Round "?"]
[White "Slovineanu, Viacheslav"]
[Black "Gavela, Dragan"]
[Result "1-0"]
[WhiteElo "2440"]
[BlackElo "2300"]
[PlyCount "61"]
[EventDate "1998.12.??"]
[EventType "tourn"]
[EventRounds "14"]
[EventCountry "ROU"]
[EventCategory "3"]
[SourceTitle "EXT 2000"]
[Source "ChessBase"]
[SourceDate "1999.11.16"]
[SourceVersion "1"]
[SourceVersionDate "1999.11.16"]
[SourceQuality "1"]

1. e4 c5 2. g3 g6 3. Bg2 Bg7 4. f4 Nc6 5. Nf3 d6 6. d3 e6 7. 0-0 Nge7 8. c3 0-0 9. Be3 b6 10. Bf2 d5 11. e5 Bb7 12. Na3 Qd7 13. Nc2 Rac8 14. a4 Na5 15. b4 cxb4 16. cxb4 Nac6 17. Qd2 Rc7 18. a5 d4 19. axb6 axb6 20. Ncxd4 Rd8 21. Nxc6 Rxc6 22. b5 Rc5 23. Bxc5 bxc5 24. Rab1 c4 25. dxc4 Qxd2 26. Nxd2 Bxg2 27. Kxg2 Rxd2+ 28. Rf2 Rd4 29. b6 Nc6 30. b7 Rd8 31. Rb6 1-0

[Event "YUG-chT2"]
[Site "Yugoslavia"]
[Date "1994.??.??"]
[Round "3"]
[White "Dragovic, Momcilo"]
[Black "Gavela, Dragan"]
[Result "1-0"]
[WhiteElo "2390"]
[BlackElo "2305"]
[PlyCount "91"]
[EventDate "1994.??.??"]
[EventType "team"]
[EventRounds "11"]
[EventCountry "YUG"]
[SourceTitle "EXT 1997"]
[Source "ChessBase"]
[SourceDate "1996.11.15"]
[SourceVersion "1"]
[SourceVersionDate "1996.11.15"]
[SourceQuality "1"]

1. e4 e6 2. d4 d5 3. Nc3 Bb4 4. e5 c5 5. a3 Ba5 6. b4 cxd4 7. Nb5 Bc7 8. f4 Bd7 9. Nf3 Bxb5 10. Bxb5+ Nc6 11. 0-0 Nge7 12. Bd3 Nf5 13. Bxf5 exf5 14. Qd3 Qd7 15. Bb2 0-0 16. Kh1 Bb6 17. Rfd1 Rac8 18. Rd2 g6 19. Rad1 Nd8 20. Bxd4 Ne6 21. Bxb6 axb6 22. c4 d4 23. Nxd4 Nxd4 24. Qxd4 Qc6 25. Rc1 Ra8 26. Rc3 Rfc8 27. Qd5 Qxd5 28. Rxd5 Rc6 29. Rd7 b5 30. c5 b6 31. Rd6 Rac8 32. Kg1 bxc5 33. Rxc6 Rxc6 34. bxc5 Kf8 35. Kf2 Ke7 36. Ke3 Ra6 37. c6 Kd8 38. Kd4 Kc7 39. Kd5 h5 40. g3 Rb6 41. e6 fxe6+ 42. Kxe6 Ra6 43. Kf6 h4 44. Kxg6 Ra4 45. Kxf5 h3 46. g4 1-0

[Event "OHRA-B"]
[Site "Amsterdam"]
[Date "1984.07.24"]
[Round "7"]
[White "Gavela, Dragan"]
[Black "Vogel, Jaap"]
[Result "1-0"]
[WhiteElo "2345"]
[BlackElo "2320"]
[PlyCount "115"]
[EventDate "1984.07.17"]
[EventType "swiss"]
[EventRounds "9"]
[EventCountry "NED"]
[SourceTitle "MCL"]
[Source "ChessBase"]
[SourceDate "1999.07.01"]
[SourceVersion "1"]
[SourceVersionDate "1999.07.01"]
[SourceQuality "1"]

1. e4 e6 2. d4 d5 3. Nd2 Nf6 4. e5 Nfd7 5. c3 c5 6. f4 Nc6 7. Ndf3 f5 8. h3 h5 9. Ng5 cxd4 10. Be2 Nc5 11. Bxh5+ Kd7 12. Bf7 dxc3 13. Ne2 c2 14. Qxc2 Nb4 15. Qd1 Ncd3+ 16. Kd2 Nc5 17. Nd4 Qb6 18. Ke3 Kc7 19. Kf3 Be7 20. a3 Nc6 21. b4 Bxg5 22. bxc5 Nxd4+ 23. Qxd4 Qb3+ 24. Be3 Be7 25. Rhc1 Qb5 26. c6 bxc6 27. Rc3 Bd7 28. Rac1 Rhc8 29. g4 Kd8 30. gxf5 c5 31. Qd3 d4 32. Rc4 exf5 33. Bd2 Bh4 34. Ke2 Qc6 35. e6 Qg2+ 36. Kd1 Bc6 37. Rxd4+ Ke7 38. Rd7+ Bxd7 39. Qxd7+ Kf8 40. Bh5 Be7 41. Qd3 g6 42. Bf3 Qxh3 43. Kc2 Rd8 44. Qe2 Rxd2+ 45. Kxd2 Rd8+ 46. Kc2 Qh4 47. Rh1 Qf6 48. Rh7 Kg8 49. Rf7 Qa1 50. Rxe7 Rb8 51. Rb7 Qa2+ 52. Kc1 Qa1+ 53. Kd2 Rxb7 54. Bxb7 Qb2+ 55. Ke1 Qxb7 56. e7 Qh1+ 57. Kd2 Qd5+ 58. Kc1 1-0

[Event "YUG Team-ch35"]
[Site "Medulin"]
[Date "1983.??.??"]
[Round "?"]
[White "Gavela, Dragan"]
[Black "Mirkovic, Slobodan"]
[Result "1/2-1/2"]
[WhiteElo "2345"]
[BlackElo "2315"]
[PlyCount "47"]
[EventDate "1983.??.??"]
[EventType "team"]
[EventRounds "9"]
[EventCountry "YUG"]
[SourceTitle "EXT 2009"]
[Source "ChessBase"]
[SourceDate "2008.11.26"]
[SourceVersion "1"]
[SourceVersionDate "2008.11.26"]
[SourceQuality "1"]

1. e4 c5 2. Nf3 d6 3. d4 cxd4 4. Nxd4 Nf6 5. Nc3 a6 6. Bc4 e6 7. Bb3 b5 8. 0-0 Be7 9. f4 0-0 10. e5 dxe5 11. fxe5 Nfd7 12. Be3 Nxe5 13. Qh5 Nc4 14. Bxc4 bxc4 15. Rf3 g6 16. Qh6 e5 17. Rd1 exd4 18. Bxd4 f6 19. Bxf6 Qxd1+ 20. Nxd1 Bxf6 21. Qf4 Nd7 22. Qxc4+ Kg7 23. Qd5 Rb8 24. c4 1/2-1/2